000 00549nam a22001937a 4500
005 20241126063004.0
008 241126b |||||||| |||| 00| 0 eng d
020 _a9780409123104
022 _a0409004480
041 _aEnglish
082 _a349 JOU
100 _lEnglish
245 _aThe Law of South Africa /
_cWA Joubert and JA Faris
250 _aSecond Edition
260 _aDurban:
_bLexisNexis (Pty) Ltd,
_c2014
300 _bvii, 251 pages;
_c25 cm.
650 _aLegal practice
_bLaw
942 _cBK
_6ALISON_BN_VRIES
999 _c3259
_d3259